000 00619nam a2200193Ia 4500
999 _c48152
_d48152
001 15034
003 GE_BSU
005 20220930172120.0
008 181216s1969||||ru |||||||||||||| ||rus||
040 _cGE_BSU
080 _a519.21(075.8)
100 _aВентцель, Е. С.
_914942
245 _aТеория вероятностей /
_cЕ. С. Вентцель, Л. А. Овчаров.
264 _aМосква :
_bНаука,
_c1969.
300 _a361 стр.;
_b20 см.
653 _aТеория вероятностей
700 _aОвчаров, Л.А.
_eავტორი
_914943
942 _cBK
_2udc